Normal view
MARC view
- Fleeson, William
Entry Personal Name
001 - CONTROL NUMBER
- control field: 19771
003 - CONTROL NUMBER IDENTIFIER
- control field: OSt
005 - DATE AND TIME OF LATEST TRANSACTION
- control field: 20170403163527.0
008 - FIXED-LENGTH DATA ELEMENTS
- fixed length control field: 170403|| aca||aabn | a|a d
040 ## - CATALOGING SOURCE
- Original cataloging agency: OSt
100 ## - HEADING--PERSONAL NAME
- Personal name: Fleeson, William
- Relator term: Author
